| 000 | 01165nam a2200313 a 4500 | ||
|---|---|---|---|
| 001 | 1552041 | ||
| 003 | OSt | ||
| 005 | 20230626133015.0 | ||
| 008 | 910829s1991 nyua b i000 0 eng | ||
| 010 | _a 91189674 | ||
| 020 | _a9211043492 | ||
| 040 |
_aDLC _cDLC |
||
| 043 | _acl----- | ||
| 082 |
_a332.15 _bUN |
||
| 245 | 0 | 0 |
_aTransnational banks and the international debt crisis / _cUnited Nations Centre on Transnational Corporations. |
| 260 |
_aNew York : _bUnited Nations, _c1991. |
||
| 300 |
_aix, 148 p. : _bill. ; _c28 cm. |
||
| 500 | _a"ST/CTC/96." | ||
| 500 | _a"United Nations publication sales no. E.90.II.A.19"--T.p. verso. | ||
| 504 | _aIncludes bibliographical references (p. 92-104). | ||
| 650 | 0 |
_aLoans, Foreign _zLatin America. |
|
| 650 | 0 |
_aBank loans _zLatin America. |
|
| 650 | 0 |
_aDebt relief _zLatin America. |
|
| 650 | 0 | _aBanks and banking, International. | |
| 710 | 2 | _aCentre on Transnational Corporations (United Nations) | |
| 906 |
_a7 _bcbc _corignew _d2 _encip _f19 _gy-gencatlg |
||
| 942 |
_2ddc _cBK |
||
| 999 |
_c2729 _d2729 |
||